[Event "IND-ch U11"]
[Site "Odisha"]
[Date "2014.07.25"]
[Round "3"]
[White "Akshath, Sinha"]
[Black "Surya, Dhanush G"]
[Result "0-1"]
[WhiteElo "1286"]
[BlackElo "1654"]
[PlyCount "60"]
[EventDate "2014.07.24"]
[EventType "swiss"]
[EventRounds "11"]
[EventCountry "IND"]
[SourceTitle "CBM 161 Extra"]
[Source "ChessBase"]
[SourceDate "2014.08.29"]
[SourceVersion "1"]
[SourceVersionDate "2014.08.29"]
[SourceQuality "1"]

1. e4 e6 2. d4 d5 3. e5 c5 4. c3 Nc6 5. Nf3 Qb6 6. a3 Nh6 7. b4 cxb4 8. axb4 Nf5 9. Bb2 Bd7 10. Qd3 Rc8 11. Nbd2 Bxb4 12. cxb4 Nxb4 13. Qb1 Nc2+ 14. Kd1 Nxa1 15. Qxa1 Qb4 16. Bd3 Ba4+ 17. Ke2 Bc2 18. Bxf5 Bxf5 19. Rc1 0-0 20. Ke1 Rfe8 21. Bc3 Qb6 22. Nh4 Bd3 23. f3 g5 24. g3 gxh4 25. gxh4 Qd8 26. Qxa7 Qxh4+ 27. Kd1 Qxh2 28. Ra1 Qe2+ 29. Kc1 Rxc3+ 30. Kb2 Qxd2# 0-1